[Event "91 Bristol Open Congress"]
[Site "Bristol, United Kingdom"]
[Date "2025.03.29"]
[Round "2.26"]
[White "He, Canzhou"]
[Black "Turner, George"]
[Result "1/2-1/2"]
[WhiteElo "2010"]
[BlackElo "1882"]
[PlyCount "78"]
[GameId "2165565401074634"]
[EventDate "2025.03.28"]
[SourceVersionDate "2025.04.02"]

{[%evp 0,78,17,20,12,22,33,31,29,15,19,31,19,20,19,23,40,38,68,26,35,7,23,48,45,93,38,73,68,51,63,117,53,43,35,44,63,45,42,172,37,31,220,38,36,116,80,108,70,50,-31,-10,-4,-8,-6,76,6,-2,24,15,24,48,40,109,55,57,61,52,37,62,69,11,48,9,1,-15,7,-7,-69,-27,-62]} 1. d4 Nf6 2. c4 g6 3. g3 c5 4. d5 Bg7 5. Bg2 d6 6. Nc3 O-O 7. Nf3 Nbd7 8. O-O a6 9. Re1 b5 10. cxb5 axb5 11. Nxb5 Ba6 12. Nc3 Ng4 13. Qc2 h6 14. Bf4 Qb6 15. h3 Nge5 16. Rad1 Rfb8 17. b3 Qa5 18. Bd2 Nxf3+ 19. Bxf3 Ne5 20. Bg2 c4 21. Rb1 cxb3 22. axb3 Rc8 23. b4 Qd8 24. b5 Nc4 25. Rb3 Nxd2 26. Qxd2 Bxc3 27. Rxc3 Rxc3 28. Qxc3 Bxb5 29. Qe3 Kg7 30. Rb1 Ba6 31. Bf3 Rc8 32. Ra1 Bb5 33. Kg2 Bd7 34. Ra7 Rc5 35. Qb3 Qc8 36. h4 Rc7 37. Ra1 h5 38. Qe3 Kh7 39. Qg5 Bg4 1/2-1/2

[Event "91 Bristol Open Congress"]
[Site "Bristol, United Kingdom"]
[Date "2025.03.29"]
[Round "2.27"]
[White "Anjulan, Ashwin"]
[Black "Gibbs, Dominic"]
[Result "1-0"]
[WhiteElo "1784"]
[BlackElo "1998"]
[PlyCount "129"]
[GameId "2165567759442513"]
[EventDate "2025.03.28"]
[SourceVersionDate "2025.04.02"]

{[%evp 0,129,11,25,50,2,49,25,47,-9,45,67,67,51,51,25,25,26,31,20,41,39,39,29,43,46,45,18,31,31,30,-42,41,1,23,7,-4,32,39,13,0,0,23,8,14,24,-30,41,50,33,38,1,14,69,27,45,91,115,93,163,158,239,141,73,185,185,179,329,197,200,201,201,440,325,392,395,440,504,537,547,563,377,369,373,379,373,403,246,379,340,275,363,362,359,377,360,351,337,321,321,291,245,304,235,313,284,388,315,315,281,275,276,257,273,364,225,336,382,401,402,432,453,564,465,517,493,601,661,29995,29996,29997,29998]} 1. e4 Nf6 2. e5 Nd5 3. d4 d6 4. c4 Nb6 5. exd6 exd6 6. Nc3 Nc6 7. Be3 Be7 8. Bd3 O-O 9. Nge2 Nb4 10. b3 Nxd3+ 11. Qxd3 Bg4 12. O-O d5 13. Nf4 dxc4 14. bxc4 Qd7 15. Ncd5 Nxd5 16. Nxd5 Bd6 17. Bf4 c6 18. Bxd6 Qxd6 19. Ne3 Bh5 20. d5 Rfd8 21. Qd4 cxd5 22. cxd5 Bg6 23. Rfd1 Qb6 24. Qg4 h5 25. Qh3 Qd6 26. Rac1 Qe5 27. Rc4 f5 28. Qf3 b5 29. Rf4 Rf8 30. d6 Rad8 31. Rfd4 f4 32. Qd5+ Qxd5 33. Nxd5 Rd7 34. Nxf4 Bf7 35. Nd3 Be8 36. Ne5 Rd8 37. d7 Rf5 38. Nc6 Rxd7 39. Rxd7 Bxd7 40. Rxd7 Rc5 41. Ne7+ Kf7 42. g3 a6 43. Ra7 Kf6 44. f4 Rc1+ 45. Kf2 Rc2+ 46. Kf3 Rxa2 47. Nd5+ Kg6 48. Nc7 b4 49. Rb7 a5 50. Rb6+ Kh7 51. Rb5 Kh6 52. Nd5 Rxh2 53. Rxa5 b3 54. Rb5 b2 55. Ne3 Rd2 56. Nc4 Rc2 57. Nxb2 Rc3+ 58. Kg2 Rc2+ 59. Kh3 Kg6 60. Nd3 Rd2 61. Ne5+ Kh6 62. Rb6+ Kh7 63. Nf3 Rd1 64. Ng5+ Kg8 65. Rb8+ 1-0

[Event "91 Bristol Open Congress"]
[Site "Bristol, United Kingdom"]
[Date "2025.03.29"]
[Round "3.1"]
[White "Arkell, Keith C"]
[Black "Saunders, Aron"]
[Result "1/2-1/2"]
[WhiteElo "2424"]
[BlackElo "2198"]
[PlyCount "78"]
[GameId "2165575095658009"]
[EventDate "2025.03.28"]
[SourceVersionDate "2025.04.02"]

1. d4 d5 2. Nf3 Nf6 3. c4 c6 4. Nc3 dxc4 5. a4 Bf5 6. Nh4 e6 7. Nxf5 exf5 8. Bg5 Bb4 9. Bxf6 Qxf6 10. e3 O-O 11. Bxc4 Nd7 12. O-O Rad8 13. a5 Bd6 14. Qf3 Rfe8 15. g3 g6 16. a6 b5 17. Bb3 b4 18. Ne2 c5 19. Ba4 Re7 20. Rfc1 cxd4 21. Nxd4 Ne5 22. Qg2 Rc7 23. Bb5 Rdc8 24. Rxc7 Rxc7 25. Rd1 Bc5 26. Qd5 Qe7 27. h3 h5 28. Kg2 Bxd4 29. Rxd4 Rc5 30. Qd8+ Qxd8 31. Rxd8+ Kg7 32. Bf1 g5 33. Re8 g4 34. hxg4 hxg4 35. Be2 Kf6 36. Ra8 Rc2 37. Kf1 Rc1+ 38. Kg2 Rc2 39. Kf1 Rc1+ 1/2-1/2

[Event "91 Bristol Open Congress"]
[Site "Bristol, United Kingdom"]
[Date "2025.03.29"]
[Round "3.2"]
[White "Payne, Matthew"]
[Black "Badacsonyi, Frankie"]
[Result "1/2-1/2"]
[WhiteElo "2176"]
[BlackElo "2275"]
[PlyCount "48"]
[GameId "2165570939282041"]
[EventDate "2025.03.28"]
[SourceVersionDate "2025.04.02"]

{[%evp 0,48,11,25,14,26,25,14,12,26,17,24,23,21,30,8,7,14,31,41,34,91,11,4,25,11,39,45,45,18,-7,0,-14,8,-67,16,3,0,-8,-8,6,-134,-21,-44,-48,10,31,39,44,44,102]} 1. e4 c5 2. Nf3 d6 3. d4 cxd4 4. Nxd4 Nf6 5. Nc3 Nc6 6. h3 g6 7. g4 Bg7 8. Be3 Nxd4 9. Bxd4 Qa5 10. Bb5+ Kf8 11. Qf3 a6 12. g5 Nh5 13. Bc4 e6 14. Bxg7+ Kxg7 15. h4 Qe5 16. O-O-O b5 17. Bd3 Bb7 18. Qe3 Qf4 19. Rh3 Rad8 20. Ne2 Qxe3+ 21. Rxe3 h6 22. f4 hxg5 23. hxg5 Rhe8 24. c3 d5 1/2-1/2

[Event "91 Bristol Open Congress"]
[Site "Bristol, United Kingdom"]
[Date "2025.03.29"]
[Round "3.3"]
[White "Crawford, Owen"]
[Black "Stubbs, Oliver"]
[Result "1/2-1/2"]
[WhiteElo "2110"]
[BlackElo "2275"]
[PlyCount "133"]
[GameId "2177154891543230"]
[EventDate "2025.03.28"]
[SourceVersionDate "2025.04.02"]

{[%evp 0,42,11,25,23,26,17,28,33,23,25,18,22,22,29,14,-4,8,12,27,13,21,11,17,17,24,23,24,28,-1,31,-103,16,0,-145,-36,2,-14,-66,-42,-72,-150,-119,-86,-125]} 1. e4 c5 2. Nf3 Nc6 3. d4 cxd4 4. Nxd4 g6 5. Nc3 Bg7 6. Be3 Nf6 7. Nb3 O-O 8. Qd2 Ng4 9. Bg5 h6 10. Bh4 d6 11. f3 Nf6 12. O-O-O Be6 13. Kb1 Rc8 14. g4 Ne5 15. Be2 Nfd7 16. f4 Nc4 17. Bxc4 Bxc4 18. e5 Nb6 19. exd6 Qxd6 20. Qe3 Qe6 21. Qxe6 Bxe6 22. f5 gxf5 23. gxf5 Bxf5 24. Bxe7 Rfe8 25. Bb4 Nc4 26. Rhg1 Bg6 27. Bc5 Nxb2 28. Kxb2 Bxc3+ 29. Kxc3 b6 30. Rg2 Rc7 31. Rd6 Kh7 32. Rg4 bxc5 33. Rd5 Re2 34. Rd2 Rxd2 35. Nxd2 Re7 36. h4 Re3+ 37. Kb2 f5 38. Ra4 Re7 39. Kc3 Rf7 40. Ra5 f4 41. Rxc5 Bf5 42. Nf1 Bh3 43. Nd2 Bg2 44. Rb5 f3 45. Rb1 f2 46. Nf1 Rf4 47. Kd3 Rxh4 48. Ke3 Rh1 49. Kxf2 Rxf1+ 50. Rxf1 Bxf1 51. Kxf1 Kg6 52. Kg2 Kf5 53. Kg3 Ke4 54. Kg4 Kd4 55. Kh5 Kc3 56. Kxh6 a5 57. Kg5 Kxc2 58. Kf4 Kb2 59. a4 Kb3 60. Ke3 Kxa4 61. Kd2 Kb3 62. Kc1 Ka2 63. Kc2 a4 64. Kc1 a3 65. Kc2 Ka1 66. Kc1 a2 67. Kc2 1/2-1/2

[Event "91 Bristol Open Congress"]
[Site "Bristol, United Kingdom"]
[Date "2025.03.29"]
[Round "3.4"]
[White "Hill, Alistair"]
[Black "Chan, Sheng Liang Bernard"]
[Result "1/2-1/2"]
[WhiteElo "2225"]
[BlackElo "2174"]
[PlyCount "43"]
[GameId "2165572223288210"]
[EventDate "2025.03.28"]
[SourceVersionDate "2025.04.02"]

1. c4 e6 2. Nc3 d5 3. d4 Nf6 4. cxd5 exd5 5. Bg5 Be7 6. e3 c6 7. Bd3 Be6 8. Nf3 Nbd7 9. h3 Nh5 10. Bxe7 Qxe7 11. O-O O-O 12. Rb1 a5 13. Ne5 g6 14. Nxd7 Bxd7 15. Na4 Ng7 16. Nc5 Bf5 17. a3 Bxd3 18. Qxd3 Nf5 19. Rfc1 Nd6 20. Qc2 Rfc8 21. Re1 Re8 22. Red1 1/2-1/2

[Event "91 Bristol Open Congress"]
[Site "Bristol, United Kingdom"]
[Date "2025.03.29"]
[Round "3.5"]
[White "Badacsonyi, Stanley"]
[Black "Udovenko, Daniel Alexander"]
[Result "1/2-1/2"]
[WhiteElo "2420"]
[BlackElo "2138"]
[PlyCount "56"]
[GameId "2165575810285207"]
[EventDate "2025.03.28"]
[SourceVersionDate "2025.04.02"]

{[%evp 0,34,19,33,15,29,39,36,44,46,39,37,38,28,57,79,44,38,59,40,47,45,28,36,40,35,45,-61,-79,-124,-110,-174,-148,-166,-171,-143,-157]} 1. d4 Nf6 2. c4 g6 3. Nc3 Bg7 4. e4 O-O 5. Be3 d6 6. Be2 Nc6 7. d5 Ne5 8. f4 Neg4 9. Bd2 Nh6 10. Nf3 e6 11. dxe6 fxe6 12. Ng5 c6 13. Be3 e5 14. h3 exf4 15. Bxf4 Nh5 16. Be3 Ng3 17. Rg1 Nf7 18. Nxf7 Rxf7 19. Bf3 Be6 20. Qd3 b5 21. cxb5 cxb5 22. Nd5 Rc8 23. Rd1 Qa5+ 24. Kf2 Be5 25. Rge1 Qxa2 26. Kg1 Qc4 27. Bf2 Bxd5 28. Qxd5 Nh5 1/2-1/2

[Event "91 Bristol Open Congress"]
[Site "Bristol, United Kingdom"]
[Date "2025.03.29"]
[Round "3.6"]
[White "Liu, Jack"]
[Black "Beaumont, Chris"]
[Result "0-1"]
[WhiteElo "2285"]
[BlackElo "2134"]
[PlyCount "74"]
[GameId "2165576988294875"]
[EventDate "2025.03.28"]
[SourceVersionDate "2025.04.02"]

1. e4 c5 2. Nf3 g6 3. d4 cxd4 4. Nxd4 Nc6 5. Nc3 Bg7 6. Be3 Nf6 7. Bc4 Qa5 8. O-O O-O 9. h3 d6 10. Re1 Bd7 11. Nb3 Qc7 12. Bf1 Ne5 13. Bd4 e6 14. a4 Bc6 15. Qd2 Rfd8 16. Rad1 b6 17. Nb5 Qe7 18. f3 Ned7 19. Qf2 Nc5 20. a5 Nxb3 21. cxb3 a6 22. Nc3 bxa5 23. Ra1 Qb7 24. Rxa5 Qb4 25. Ra3 Ng4 26. Na2 Bxd4 27. Nxb4 Bxf2+ 28. Kh1 Bxe1 29. Nxc6 Nf2+ 30. Kg1 Rd7 31. Ra1 Rc7 32. Rxe1 Rxc6 33. Kxf2 Rc2+ 34. Re2 Rac8 35. Ke3 Rxe2+ 36. Bxe2 Rc2 37. Bxa6 Rxb2 0-1

[Event "91 Bristol Open Congress"]
[Site "Bristol, United Kingdom"]
[Date "2025.03.29"]
[Round "3.7"]
[White "Hanache, Kai"]
[Black "Wastney, Dylan"]
[Result "1-0"]
[WhiteElo "2266"]
[BlackElo "2117"]
[PlyCount "73"]
[GameId "2165579460494935"]
[EventDate "2025.03.28"]
[SourceVersionDate "2025.04.02"]

{[%evp 0,53,16,18,15,24,18,13,19,6,7,15,9,6,16,1,23,20,-78,25,38,26,114,40,55,33,128,129,-58,104,129,124,81,131,120,114,99,79,133,138,85,141,150,145,83,120,121,147,210,204,213,141,217,307,230,-887]} 1. e4 c5 2. Nf3 d6 3. Bb5+ Nd7 4. a4 a6 5. Be2 Ngf6 6. Nc3 e6 7. O-O Be7 8. d4 cxd4 9. Qxd4 Qc7 10. a5 O-O 11. Be3 Ng4 12. Bg5 Nde5 13. Bxe7 Qxe7 14. Rfd1 Rd8 15. Nxe5 Nxe5 16. Na4 Nc6 17. Qe3 Rb8 18. Nb6 Ne5 19. Qa3 Qc7 20. Rd2 Bd7 21. Rad1 Bc6 22. f3 d5 23. Qc3 Nd7 24. Nxd5 exd5 25. exd5 Nf8 26. dxc6 Rxd2 27. Rxd2 bxc6 28. b3 Re8 29. g3 Re5 30. b4 h5 31. Bxa6 h4 32. f4 Re6 33. Bc4 Rg6 34. Qe5 Qc8 35. Qe7 Kh7 36. Qxh4+ Rh6 37. Qd8 1-0

[Event "91 Bristol Open Congress"]
[Site "Bristol, United Kingdom"]
[Date "2025.03.29"]
[Round "3.8"]
[White "Thomas, James"]
[Black "Ogunshola, Ben"]
[Result "1/2-1/2"]
[WhiteElo "1922"]
[BlackElo "2215"]
[PlyCount "45"]
[GameId "2165580751693409"]
[EventDate "2025.03.28"]
[SourceVersionDate "2025.04.02"]

1. Nf3 Nf6 2. g3 g6 3. b3 Bg7 4. Bb2 c5 5. c4 O-O 6. Bg2 Nc6 7. O-O d6 8. d4 Ne4 9. Nc3 Nxc3 10. Bxc3 Bg4 11. e3 cxd4 12. exd4 Qb6 13. Rc1 e5 14. d5 Nd4 15. Bxd4 exd4 16. Qd2 Bxf3 17. Bxf3 a5 18. Rb1 Qb4 19. Rfd1 Rfe8 20. Kg2 Re7 21. a4 Qc3 22. Qc1 Rae8 23. Qa3 1/2-1/2

[Event "91 Bristol Open Congress"]
[Site "Bristol, United Kingdom"]
[Date "2025.03.29"]
[Round "3.9"]
[White "Bevis, Noah"]
[Black "Damodaran, Patrick"]
[Result "1-0"]
[WhiteElo "1856"]
[BlackElo "2191"]
[PlyCount "111"]
[GameId "2166125167944499"]
[EventDate "2025.03.28"]
[SourceVersionDate "2025.04.02"]

{[%evp 0,88,11,23,15,6,16,21,27,5,8,4,3,3,20,18,17,8,-46,11,-52,4,19,17,34,-19,12,11,129,73,118,61,131,116,109,92,95,121,54,100,157,120,152,160,201,160,150,287,146,126,121,134,84,113,136,98,86,75,86,60,84,80,94,85,172,238,307,3,112,256,351,348,350,342,499,319,45,401,499,948,1547,444,529,594,577,364,208,376,337,355,355]} 1. d4 Nf6 2. Bf4 d6 3. Nf3 g6 4. e3 Bg7 5. h3 O-O 6. Be2 Nbd7 7. O-O b6 8. a4 a5 9. c3 Bb7 10. Na3 Re8 11. Bh2 Rc8 12. Qb3 e5 13. Rfd1 Bxf3 14. Bxf3 e4 15. Be2 Nf8 16. Nb5 Ne6 17. Na7 Ra8 18. Nc6 Qc8 19. Qc2 Nd7 20. Bb5 f5 21. b4 Nd8 22. Rab1 Nxc6 23. Bxc6 Ra7 24. Qb3+ Kf8 25. Qc4 Re7 26. Bf4 h6 27. Qb5 Nf6 28. c4 axb4 29. Qxb4 g5 30. Bh2 Ra5 31. Bb5 f4 32. c5 d5 33. cxb6 cxb6 34. Rbc1 Qe6 35. Rc6 Qf5 36. Rc7 Ng8 37. Rdc1 Kf7 38. Qd6 f3 39. g4 Qe6 40. Qxe6+ Kxe6 41. R1c6+ Kf7 42. Rxe7+ Nxe7 43. Rxb6 Ra8 44. Bd6 Rc8 45. Bc5 Bf8 46. Rb7 Kf6 47. a5 Ng6 48. a6 Bxc5 49. dxc5 Rxc5 50. a7 Rc1+ 51. Kh2 Rc2 52. a8=Q Rxf2+ 53. Kg1 Rg2+ 54. Kf1 Rh2 55. Qd8+ Ke5 56. Qc7+ 1-0

[Event "91 Bristol Open Congress"]
[Site "Bristol, United Kingdom"]
[Date "2025.03.29"]
[Round "3.10"]
[White "Kothari, Jai"]
[Black "Maton, Emily"]
[Result "1/2-1/2"]
[WhiteElo "2165"]
[BlackElo "2049"]
[PlyCount "156"]
[GameId "2166125275525944"]
[EventDate "2025.03.28"]
[SourceVersionDate "2025.04.02"]

{[%evp 0,67,17,22,14,17,20,-10,-32,-11,20,-24,-24,-30,-37,-88,-77,-97,-119,-104,10,11,11,3,-170,21,30,13,62,62,67,67,74,18,76,61,72,47,25,57,85,79,80,85,85,77,29,54,54,54,101,117,-1,100,103,114,101,117,119,108,115,108,114,108,105,118,113,131,33,151]} 1. e4 c5 2. Nc3 e6 3. f4 Nc6 4. Nf3 g6 5. Bc4 Bg7 6. O-O Nge7 7. d4 cxd4 8. Nb5 d5 9. exd5 Nxd5 10. Bxd5 exd5 11. Re1+ Be6 12. Nbxd4 Nxd4 13. Nxd4 Bxd4+ 14. Qxd4 Qb6 15. Be3 Qxd4 16. Bxd4 O-O 17. h3 h5 18. Kf2 Rfc8 19. c3 b6 20. Re5 Rc6 21. Rae1 Kf8 22. Kf3 Re8 23. g4 f6 24. R5e2 Kf7 25. f5 hxg4+ 26. hxg4 gxf5 27. gxf5 Bd7 28. Rxe8 Bxe8 29. Rh1 Kg7 30. Kf4 Rc7 31. Rg1+ Kf7 32. Rg6 Rc6 33. Rh6 Ke7 34. Rh7+ Bf7 35. Ke3 Kf8 36. Rh6 Ke7 37. Rh8 Be8 38. Kd3 Bd7 39. Rh7+ Kd6 40. Ke3 Bxf5 41. Rxa7 Bc8 42. Bxf6 b5 43. Ra8 Kd7 44. Bd4 Ra6 45. Rb8 Rxa2 46. Rxb5 Kd6 47. Rb6+ Kc7 48. Rb5 Kd6 49. Rb8 Bd7 50. b4 Rb2 51. Rh8 Bb5 52. Rh6+ Kd7 53. Bh8 Bc4 54. Kd4 Rg2 55. Kc5 Rg8 56. b5 Rc8+ 57. Kb4 Rb8 58. b6 Re8 59. Bf6 Re6 60. Rh7+ Ke8 61. Bd4 Ba6 62. Kc5 Bb7 63. Rh8+ Kd7 64. Rb8 Ba6 65. Kxd5 Rd6+ 66. Kc5 Rc6+ 67. Kb4 Rc8 68. Rxc8 Kxc8 69. c4 Kd7 70. Kc5 Bb7 71. Kb5 Bc6+ 72. Kc5 Bb7 73. Be5 Be4 74. Kb5 Bc6+ 75. Ka6 Kc8 76. c5 Bb7+ 77. Kb5 Kd7 78. c6+ Bxc6+ 1/2-1/2

[Event "91 Bristol Open Congress"]
[Site "Bristol, United Kingdom"]
[Date "2025.03.29"]
[Round "3.11"]
[White "Meek, Stephen"]
[Black "Murawski, Jan"]
[Result "0-1"]
[WhiteElo "2094"]
[BlackElo "2252"]
[PlyCount "44"]
[GameId "2166129009013793"]
[EventDate "2025.03.28"]
[SourceVersionDate "2025.04.02"]

{[%evp 0,44,21,13,-17,11,12,4,-1,-2,-6,-15,-3,0,-3,-5,-6,6,-28,1,-5,-100,-98,-256,-251,-304,-108,-101,-102,-127,-105,-163,-151,-173,-136,-150,-145,-156,-156,-158,-140,-164,-193,-192,-153,-203,-184]} 1. e4 e5 2. d4 exd4 3. Qxd4 Nc6 4. Qd3 Nf6 5. Nc3 Bc5 6. Bf4 Nh5 7. Be3 Nb4 8. Qd2 Bxe3 9. fxe3 Qh4+ 10. g3 Nxg3 11. Qf2 Nxc2+ 12. Kd2 Nxf1+ 13. Rxf1 Qxf2+ 14. Rxf2 Nb4 15. a3 Na6 16. e5 d6 17. exd6 cxd6 18. Nf3 Be6 19. Nd4 Nc5 20. Kc2 Rc8 21. Kb1 a6 22. Rg1 g6 0-1

[Event "91 Bristol Open Congress"]
[Site "Bristol, United Kingdom"]
[Date "2025.03.29"]
[Round "3.12"]
[White "Billings, Alex"]
[Black "Bicknell, Carl"]
[Result "0-1"]
[WhiteElo "2023"]
[BlackElo "2150"]
[PlyCount "88"]
[GameId "2166130248987986"]
[EventDate "2025.03.28"]
[SourceVersionDate "2025.04.02"]

1. d4 Nf6 2. Bg5 g6 3. Bxf6 exf6 4. e3 Bg7 5. Ne2 O-O 6. h4 d5 7. Nf4 f5 8. Qf3 c6 9. Nc3 Nd7 10. h5 Nf6 11. hxg6 hxg6 12. O-O-O Re8 13. Qe2 a5 14. f3 a4 15. a3 Qe7 16. Re1 b5 17. Na2 Nd7 18. Qd2 Nb6 19. Nb4 Qd6 20. Qc3 Nc4 21. Bxc4 dxc4 22. Rd1 c5 23. dxc5 Qxc5 24. Qe1 c3 25. Nfd5 cxb2+ 26. Kb1 Bb7 27. Qh4 Bxd5 28. Rxd5 Qxe3 29. Rd3 Qe5 30. f4 Qe7 31. Qh7+ Kf8 32. Nd5 Qe1+ 33. Rd1 Qe2 34. Qh4 Rac8 35. Nb4 Qc4 36. Rd3 Qe6 37. Rhd1 Bf6 38. Qh6+ Kg8 39. Rh3 Red8 40. Nd3 Qd6 41. c3 Qxa3 42. Nxb2 Rxd1+ 43. Nxd1 Qb3+ 44. Kc1 a3 0-1

[Event "91 Bristol Open Congress"]
[Site "Bristol, United Kingdom"]
[Date "2025.03.29"]
[Round "3.13"]
[White "Ashworth, Michael"]
[Black "Kendall, Arthur"]
[Result "1-0"]
[WhiteElo "2133"]
[BlackElo "1862"]
[PlyCount "71"]
[GameId "2166156071440661"]
[EventDate "2025.03.28"]
[SourceVersionDate "2025.04.02"]

1. d4 Nf6 2. Nf3 g6 3. b4 Bg7 4. e3 O-O 5. Bb2 d6 6. Be2 Nbd7 7. O-O b6 8. c4 Bb7 9. Nbd2 Ne4 10. Nxe4 Bxe4 11. Qb3 Bb7 12. Rfd1 e6 13. Rac1 Qe7 14. c5 bxc5 15. dxc5 Bd5 16. Qa3 Bxb2 17. Qxb2 a5 18. cxd6 cxd6 19. b5 Nc5 20. Ne1 Rfb8 21. Bf3 Bxf3 22. Nxf3 d5 23. Qa3 Rc8 24. Nd4 Qf8 25. Nc6 Ne4 26. Ne7+ Kg7 27. Qb2+ f6 28. Nxc8 Rxc8 29. Rxc8 Qxc8 30. Rc1 Qb8 31. b6 Nd6 32. Rc7+ Kh6 33. Qxf6 Nf5 34. h4 Qd8 35. Qxd8 Kh5 36. Qg5# 1-0

[Event "91 Bristol Open Congress"]
[Site "Bristol, United Kingdom"]
[Date "2025.03.29"]
[Round "3.14"]
[White "Vaidyanathan, Adithya"]
[Black "James, Lucas"]
[Result "1-0"]
[WhiteElo "2133"]
[BlackElo "1800"]
[PlyCount "47"]
[GameId "2166162269049239"]
[EventDate "2025.03.28"]
[SourceVersionDate "2025.04.02"]

1. d4 Nf6 2. Nf3 g6 3. c4 Bg7 4. Nc3 O-O 5. e4 d6 6. h3 e5 7. Be3 Nc6 8. d5 Ne7 9. g4 Ne8 10. Be2 f5 11. gxf5 gxf5 12. exf5 Nxf5 13. Bg5 Bf6 14. Rg1 Kh8 15. Ne4 Bxg5 16. Nfxg5 Nf6 17. Qd3 Nxe4 18. Qxe4 Qf6 19. O-O-O Qh6 20. f4 Nd4 21. fxe5 Nxe2+ 22. Qxe2 Rg8 23. Qd2 Qg6 24. e6 1-0

[Event "91 Bristol Open Congress"]
[Site "Bristol, United Kingdom"]
[Date "2025.03.29"]
[Round "3.15"]
[White "White, Stuart"]
[Black "Anjulan, Ashwin"]
[Result "1/2-1/2"]
[WhiteElo "2124"]
[BlackElo "1784"]
[PlyCount "82"]
[GameId "2166163730678506"]
[EventDate "2025.03.28"]
[SourceVersionDate "2025.04.02"]

{[%evp 0,49,12,19,10,-1,-27,14,12,7,31,28,22,28,7,10,19,9,18,26,37,4,31,-67,56,44,70,45,20,43,-59,17,48,55,67,87,100,-36,41,16,36,105,103,106,98,78,48,72,0,28,118,112]} 1. c4 c5 2. g3 Nc6 3. Bg2 d6 4. Nf3 g6 5. d4 cxd4 6. Nxd4 Bd7 7. O-O Bg7 8. Nc2 Nf6 9. Nc3 O-O 10. h3 Rc8 11. b3 Be6 12. Qd2 a5 13. e4 Nd7 14. Bb2 Nc5 15. Rab1 Nb4 16. Ne3 Ra8 17. Ba1 Nc6 18. Nc2 f5 19. Rfe1 fxe4 20. Nxe4 Nxe4 21. Rxe4 Bf5 22. Re3 e5 23. Ree1 Qd7 24. Kh2 Bxc2 25. Qxc2 Nd4 26. Bxd4 exd4 27. Bd5+ Kh8 28. f4 Rae8 29. Qg2 Re3 30. Rxe3 dxe3 31. Bxb7 Qe7 32. Bf3 g5 33. fxg5 Qxg5 34. h4 Qh6 35. Rg1 Be5 36. Kh3 Rg8 37. g4 Bf6 38. Qg3 Be5 39. Qg2 Bf6 40. Qg3 Be5 41. Qg2 Bf6 1/2-1/2

[Event "91 Bristol Open Congress"]
[Site "Bristol, United Kingdom"]
[Date "2025.03.29"]
[Round "3.17"]
[White "Moyse, Nigel"]
[Black "Quaite, Toby"]
[Result "0-1"]
[WhiteElo "1955"]
[BlackElo "2120"]
[PlyCount "168"]
[GameId "2168308475822828"]
[EventDate "2025.03.28"]
[SourceVersionDate "2025.04.02"]

1. d4 Nf6 2. Bf4 c6 3. c3 g6 4. e3 Bg7 5. Be2 d6 6. Nf3 O-O 7. h3 Nbd7 8. Nbd2 Re8 9. Bh2 e5 10. dxe5 dxe5 11. O-O Qc7 12. Nc4 Ne4 13. Qc2 f5 14. Rad1 b5 15. Ncd2 Ndf6 16. c4 Nxd2 17. Nxd2 b4 18. c5 Be6 19. Nc4 Bd5 20. Nd6 Re7 21. Bc4 Kh8 22. f3 Bxc4 23. Qxc4 Nd5 24. Rxd5 cxd5 25. Qxd5 Rf8 26. Rd1 Bf6 27. Kh1 Kg7 28. e4 f4 29. Bg1 Qa5 30. c6 Qxd5 31. exd5 Rd8 32. Nb5 a6 33. Bb6 Rb8 34. c7 Rxc7 35. Nxc7 Rxb6 36. d6 Kf7 37. d7 Bd8 38. Ne8 Ke7 39. Rd5 Rb5 40. Rd3 Rc5 41. Rd2 Bb6 42. Kh2 Rc6 43. Rd5 Rc1 44. h4 Rc2 45. Rd6 Bd8 46. Rxa6 Kxd7 47. Nd6 Bxh4 48. Ne4 Rxb2 49. a4 Be7 50. Ra7+ Ke6 51. a5 Ra2 52. a6 h5 53. Ra8 b3 54. Rb8 Rxa6 55. Rxb3 Kf5 56. Rb7 Bf6 57. Rd7 g5 58. Rh7 Kg6 59. Rd7 g4 60. Rd6 Rxd6 61. Nxd6 Bh4 62. Ne4 Kf5 63. Nd6+ Ke6 64. Ne4 Kd5 65. Kg1 Kd4 66. Kf1 Ke3 67. Nd6 Bg3 68. Nf5+ Kd2 69. Nd6 gxf3 70. gxf3 h4 71. Kg2 Ke2 72. Ne4 h3+ 73. Kxh3 Kxf3 74. Ng5+ Ke3 75. Kg4 Be1 76. Nf3 Bc3 77. Ng5 Bb2 78. Nf3 e4 79. Nh4 f3 80. Nf5+ Kf2 81. Kf4 e3 82. Nh4 Be5+ 83. Ke4 e2 84. Nxf3 Bg3 0-1

[Event "91 Bristol Open Congress"]
[Site "Bristol, United Kingdom"]
[Date "2025.03.29"]
[Round "3.18"]
[White "Sommerbauer-Cornell, Ben"]
[Black "Moore, Gerald"]
[Result "1-0"]
[WhiteElo "1954"]
[BlackElo "2063"]
[PlyCount "47"]
[GameId "2168312159389051"]
[EventDate "2025.03.28"]
[SourceVersionDate "2025.04.02"]

1. e4 c5 2. d4 cxd4 3. c3 d3 4. Bxd3 g6 5. c4 Bg7 6. Nf3 d6 7. h3 Nf6 8. O-O O-O 9. Nc3 Nfd7 10. Be3 Bxc3 11. bxc3 Ne5 12. c5 Nbd7 13. cxd6 exd6 14. Be2 Nxf3+ 15. Bxf3 Ne5 16. Be2 Qe7 17. Qd2 Be6 18. Bh6 Rfc8 19. f4 Nc4 20. Qd4 f6 21. f5 Bf7 22. fxg6 hxg6 23. Rxf6 Qe5 24. Raf1 1-0

[Event "91 Bristol Open Congress"]
[Site "Bristol, United Kingdom"]
[Date "2025.03.29"]
[Round "3.19"]
[White "Ashworth, Robert"]
[Black "Pick, Freddie"]
[Result "1/2-1/2"]
[WhiteElo "1945"]
[BlackElo "2055"]
[PlyCount "56"]
[GameId "2168313018635739"]
[EventDate "2025.03.28"]
[SourceVersionDate "2025.04.02"]

1. e4 c5 2. Nf3 Nc6 3. Bb5 g6 4. O-O Bg7 5. c3 Nf6 6. Re1 O-O 7. d4 d5 8. e5 Ne4 9. Bxc6 bxc6 10. dxc5 Nxc5 11. Be3 Ne4 12. Nbd2 Bf5 13. Nh4 Bxe5 14. Nxf5 gxf5 15. Qh5 e6 16. Nxe4 dxe4 17. Bg5 f6 18. Bh6 Rf7 19. Rad1 Rd7 20. Rxd7 Qxd7 21. f3 Qf7 22. Qxf7+ Kxf7 23. fxe4 Rb8 24. Bc1 Kg6 25. Kf2 Rd8 26. g3 a6 27. exf5+ Kxf5 28. Be3 Bc7 1/2-1/2

[Event "91 Bristol Open Congress"]
[Site "Bristol, United Kingdom"]
[Date "2025.03.29"]
[Round "3.20"]
[White "Baer, Bruce"]
[Black "Miller, George"]
[Result "0-1"]
[WhiteElo "2037"]
[BlackElo "1951"]
[PlyCount "98"]
[GameId "2168313894065633"]
[EventDate "2025.03.28"]
[SourceVersionDate "2025.04.02"]

1. Nf3 g6 2. g3 Bg7 3. Bg2 f5 4. h4 Nf6 5. h5 Nxh5 6. Rxh5 gxh5 7. d4 O-O 8. Nc3 c5 9. d5 d6 10. Bg5 Nd7 11. Qd2 Nf6 12. O-O-O b5 13. Nh4 b4 14. Nb1 Rf7 15. f3 Qa5 16. a3 Rb8 17. e4 Qb5 18. axb4 fxe4 19. fxe4 Bg4 20. Re1 Qxb4 21. c3 Qb3 22. Nf5 Bxf5 23. exf5 Rb7 24. Rh1 Ng4 25. Be4 Ne5 26. Na3 Nc4 27. Nxc4 Qxc4 28. Qd3 Qa2 29. Qb1 Qxb1+ 30. Bxb1 Bf6 31. Bh6 Bg7 32. Rxh5 Bxh6+ 33. Rxh6 Rg7 34. Rh3 Rb8 35. Be4 Rg4 36. Bf3 Rg5 37. g4 Kg7 38. Kc2 Rh8 39. c4 h5 40. gxh5 Rxf5 41. Be2 Rf2 42. Kd3 Rb8 43. h6+ Kh7 44. Ke3 Rxe2+ 45. Kxe2 Rxb2+ 46. Kd1 Rb4 47. Rh4 a5 48. Kc2 a4 49. Re4 Rb7 0-1